000 00685nam a2200253Ia 4500
003 OSt
005 20220925210638.0
006 a|||||r|||| 00| 0
007 ta
008 220923b |||||||| |||| 00| 0 eng d
037 _cGeneral Book
040 _aRTL
_cRTL
_beng
041 _2eng
_aeng
082 _aH, N4
100 _aMontgomery Carla W
_9272879
245 0 _aEarth
_b Then and now
250 _aEd 2nd
260 _aIowa
_bW C Brown
_c1994
300 _axv,568p. Glossary p. 545-57
_ccm.
650 _aGeology
_915465
700 _a Dathe David
_9272880
942 _hH, N4
_cGB
_2CC
999 _c555705
_d555705